Psychology for actors : theories and practices for the acting process (Record no. 364784)
[ view plain ]
| 000 -LEADER | |
|---|---|
| fixed length control field | 00522nam a22001697a 4500 |
| 003 - CONTROL NUMBER IDENTIFIER | |
| control field | 0 |
| 005 - DATE AND TIME OF LATEST TRANSACTION | |
| control field | 20220816135530.0 |
| 008 - FIXED-LENGTH DATA ELEMENTS--GENERAL INFORMATION | |
| fixed length control field | 220816b xxu||||| |||| 00| 0 eng d |
| 020 ## - INTERNATIONAL STANDARD BOOK NUMBER | |
| International Standard Book Number | 978-0-8153-5226-6 |
| 050 ## - LIBRARY OF CONGRESS CALL NUMBER | |
| Classification number | PN2078 |
| Item number | .P34 2019 |
| 245 ## - TITLE STATEMENT | |
| Title | Psychology for actors : theories and practices for the acting process |
| Statement of responsibility, etc | Kevin Page |
| 260 ## - PUBLICATION, DISTRIBUTION, ETC. (IMPRINT) | |
| Place of publication, distribution, etc | New York |
| Name of publisher, distributor, etc | Routledge |
| Date of publication, distribution, etc | 2019 |
| 300 ## - PHYSICAL DESCRIPTION | |
| Extent | x,208pp. |
| Dimensions | 23cm. |
| Accompanying material | Includes references and index. |
| Type of unit | Book |
| 500 ## - GENERAL NOTE | |
| General note | Psychological aspects. |
| 500 ## - GENERAL NOTE | |
| General note | Psychology. |
| 942 ## - ADDED ENTRY ELEMENTS (KOHA) | |
| Source of classification or shelving scheme | Library of Congress Classification |
| Koha item type | Books |
| Withdrawn status | Lost status | Source of classification or shelving scheme | Damaged status | Home library | Current library | Shelving location | Date acquired | Source of acquisition | Sub Shelving location | Total Checkouts | Full call number | Barcode | Date last seen | Price effective from | Koha item type |
|---|---|---|---|---|---|---|---|---|---|---|---|---|---|---|---|
| Library of Congress Classification | College Library | College Library | Graduate Section | 08/16/2022 | Library Fund | PN2078 .P34 2019 | C22816 | 08/16/2022 | 08/16/2022 | Books |